00000000nam 2200000zi 4500
0019.945443
003CaOODSP
00520241127082406
006m     o  d f      
007cr |n|||||||||
008241122t19851986oncd    ob   f000 0|eng d
020 |z0662145275
040 |aCaOODSP|beng|erda|cCaOODSP
043 |an-cn-qu
0861 |aCo22-63/1986E-PDF|zCo22-63/1986E
24504|aThe effects of Quebec's legislation prohibiting advertising intended for children : |breport of the Federal-Provincial Committee on Advertising Intended for Children.
264 1|a[Ottawa] : |bGovernment of Canada, Department of Communications, |cSeptember 1985.
264 4|c©1986
300 |a1 online resource (87, [5] pages) : |bchart
336 |atext|btxt|2rdacontent
337 |acomputer|bc|2rdamedia
338 |aonline resource|bcr|2rdacarrier
500 |aDigitized edition from print [produced by Innovation, Science and Economic Development Canada].
500 |aIssued also in French under title: Les effets de la loi québécoise interdisant la publicité destinée aux enfants.
504 |aIncludes bibliographical references.
650 0|aTelevision advertising and children|xLaw and legislation|zQuébec (Province)
7101 |aCanada. |bDepartment of Communications, |eissuing body.
77508|tLes effets de la loi québécoise interdisant la publicité destinée aux enfants : |w(CaOODSP)9.945444
85640|qPDF|s1.60 MB|uhttps://publications.gc.ca/collections/collection_2024/isde-ised/co22/Co22-63-1986-eng.pdf